| 000 | 00639nam a2200193 4500 | ||
|---|---|---|---|
| 008 | 010817s1992 enk engLO | ||
| 020 | _a0946462275 | ||
| 090 |
_aBS477 _bOw2 |
||
| 100 | 1 | _aOwen, W Stuart | |
| 245 | 1 | 0 |
_aA dictionary of Bible symbols / _cprepared by W. Stuart Owen; rev. and enlarged by P. A. Grist and R. Dowling. |
| 260 |
_aLondon: _bGrace Publication Trusst, _cc1992. |
||
| 300 | _axx, 148 p. | ||
| 650 | 4 |
_aBible _xDictionaries. |
|
| 650 | 4 | _aSigns and symbols. | |
| 650 | 4 | _aSymbolism in the Bible. | |
| 700 | 1 | _aDowling, R. | |
| 700 | 1 | _aGrist, P. A. | |
| 951 |
_p14256 _oBS477/Ow2 _j070613110947250 _d2000-12-21 _cREF |
||
| 999 |
_c3039 _d3039 |
||